000 01776nam a22002537a 4500
003 Uzh_bibl
008 260511b |||||||| |||| 00| 0 ukr d
020 _a978-966-481-483-3
_c55.00
040 _bукр.
041 _2ukr
_aukr
080 _a821(477)
090 _a821(477)
_bЧ 15
100 _aЧайковський ,Андрій
245 _aСагайдачний
_hТекст
260 _aДонецьк
_bТОВ "ВКФ "БАО"
_c2011
300 _a480 с.
_fВ опр.
520 _aРоман видатного українського письменника Андрія Чайковського описує історичні події кінця XVII початок XVII століття,пов'язані з іменем славного гетьмана Петра Конашевича -Сагайдачного.Цей видатний військовий діяч уславив своє ім'я успішними походами на Кримське ханство та Османську імперію.Він підтримував церкву і сприяв культурному розвитку України. Роман "Cагайдачний" став набутком вітчизняної літератури,а його автор зайняв одне з почесних місць серед кращих романістів історичного жанру.
521 _aДля широкого кола читачів
546 _aукр.
650 _aЛітературно-художнє видання
653 _aГетьман
_aПоходи
_aКримське ханство
655 _aПроза
_vРоман
_yкінецьXVI-початокXVII
_zУкраїна,Туреччина
942 _2udc
_cBK
999 _c17707
_d17707